| 000 | 00761nam a2200157 a 4500 | ||
|---|---|---|---|
| 008 | 220301s2019 ||||||||||||||||| || u | ||
| 050 | _a CBU-PG THESIS/SIV | ||
| 100 | _aSivwimi, Jean | ||
| 245 | 1 | 4 |
_aThe effect of Corporate Social Responsibility on Customer Loyalty among Public Bus users in Luanshya Town: The mediating role of Customers Satisfaction _cBy Jean Sivwimi |
| 260 |
_aKitwe _bCopperbelt University _c2019 |
||
| 300 | _ax, 108 Pages : illustrations | ||
| 650 | _aCUSTOMER SATISFACTION | ||
| 650 | _aCUSTOMER LOYALTY - PUBLIC BUS USERS IN LUANSHYA | ||
| 650 | _aCORPORATE SOCIAL RESPONSIBILITY--PRACTICES | ||
| 995 |
_FCBU-MAIN LIBRARY (Kitwe) _M1 _UAVAILABLE _WJun 30, 2022 _ZUniversity Collection |
||
| 999 |
_c41198 _d41198 |
||